Puzhayum jalasechanavum(പുഴയും ജലസേചനവും ) (Record no. 95774)

MARC details
000 -LEADER
fixed length control field nam a22 7a 4500
005 - DATE AND TIME OF LATEST TRANSACTION
control field 20190703094353.0
008 - FIXED-LENGTH DATA ELEMENTS--GENERAL INFORMATION
fixed length control field 180608b ||||| |||| 00| 0 eng d
080 ## - UNIVERSAL DECIMAL CLASSIFICATION NUMBER
Universal Decimal Classification number 556.54
Item number NEE
100 ## - MAIN ENTRY--PERSONAL NAME
Personal name Neeraja, K. S
245 ## - TITLE STATEMENT
Title Puzhayum jalasechanavum(പുഴയും ജലസേചനവും )
Remainder of title thumboormuzhi jalasechanapathathiyude pachathalathil oraneshanam
260 ## - PUBLICATION, DISTRIBUTION, ETC. (IMPRINT)
Place of publication, distribution, etc chalakudy
Name of publisher, distributor, etc chalakudypuzha samrakshna samiyhy
300 ## - PHYSICAL DESCRIPTION
Extent 60 p.
942 ## - ADDED ENTRY ELEMENTS (KOHA)
item type Books
Holdings
Lost status Source of classification or shelving scheme Not for loan Home library Current library Date acquired Total Checkouts Full call number Barcode Date last seen Price effective from Koha item type
  Universal Decimal Classification   University Library University Library 08/06/2018   556.54 (540.69)CHA NEE G0010497 08/06/2018 08/06/2018 Books
University Library, CUSAT